El Greco y Toledo

Gespeichert in:
Bibliographische Detailangaben
1. Verfasser: Marañón y Posadillo, Gregorio (autor)
Format: Buch
Sprache:Spanisch
Veröffentlicht: Madrid Espasa-Calpe S. A 1956
Ausgabe:1a. ed
Schlagworte:
Tags: Tag hinzufügen
Keine Tags, Fügen Sie den ersten Tag hinzu!

MARC

LEADER 00000cam a2200000 a 4500
001 UCD0196
003 CL-VaPUC
008 151120e19560000sp |||||||||||||||||spa|d
082 0 4 |a 759.03  |b MAR  |2 21 
100 |a Marañón y Posadillo, Gregorio  |e autor  |9 529334 
245 1 0 |a El Greco y Toledo 
250 |a 1a. ed 
300 |a 325 p 
942 |c BK 
945 |d 20151120 13:39:00  |a dcastane 
260 |a Madrid  |b Espasa-Calpe S. A  |c 1956 
600 0 |a El Greco   |9 341177 
650 0 |a Pintura española   |9 315217 
650 0 |a Pintores españoles  |9 315216 
583 |a last modification  |c 20151120 13:39:00  |k Rodrigo Vera 
999 |c 361811  |d 361809 
952 |0 0  |1 0  |3 erd  |4 0  |6 759_030000000000000_MAR_1956  |7 0  |8 A  |9 472496  |a BIBART  |b BIBART  |i 525096K  |o 759.03 MAR 1956  |p 525096K  |r 2025-03-13  |w 2019-11-24  |y BK  |z Catalogado en:20151120  |k ART